| 000 | 01005nas a2200301 a 4500 | ||
|---|---|---|---|
| 001 | Z_3025 | ||
| 003 | CHAP | ||
| 005 | 20260126125624.0 | ||
| 007 | ta | ||
| 008 | 220113s1995 ag ad fr 000 0 spa d | ||
| 010 | _a166110 | ||
| 022 | 0 | _a0326-0550 | |
| 040 |
_aZ _cCHAP _bEspañol _erda |
||
| 041 |
_bEspañol _fEapañol |
||
| 082 |
_a636.08 _bA7 _220 |
||
| 110 | 2 |
_aAsociación Latinoamericana de Producción Animal _98034 _n( 19 : _cMar del Plata, Argentina : _d26 noviembre - 01 diciembre : 1995) |
|
| 245 |
_aRevista argentina de producción animal: _bMemorias / _cALPA |
||
| 264 |
_aArgentina : _bALPA _c1995 |
||
| 300 | _a3 volumenes | ||
| 500 | _aDonación (3 volúmenes) | ||
| 650 |
_aGanadería _9137344 |
||
| 650 |
_aGanado _xProducción _xCongresos _944947 |
||
| 710 | 0 |
_aAsociación Latinoamericana de Producción Animal _98034 _n( 19 : _cMar del Plata, Argentina : _d26 noviembre - 01 diciembre : 1995) |
|
| 901 | _a636.08 A7 | ||
| 902 | _aA | ||
| 910 | _a1995 | ||
| 942 |
_cLIBRO _2ddc |
||
| 999 |
_c166110 _d166110 |
||